| 000 | 00459cam a22001217a 4500 | ||
|---|---|---|---|
| 008 | 180718b1984 xxu||||| |||| 00| 0 eng d | ||
| 082 | _aA81x54 In2/81/31/Pt13A&B/AI | ||
| 100 | _aCensus of India 1981 | ||
| 245 | _aMizoram district, Aizawl: village and town directory, village and townwise primary census abstract | ||
| 260 |
_aDelhi _bController of Publications _c1984 |
||
| 300 | _a187+p. | ||
| 440 | _aCensus of India 1981. Series-31, Mizoram. Parts XIII A & B | ||
| 999 |
_c482555 _d482555 |
||